000 01035cam a22002651 4500
001 sa 68004837
003 DLC
005 20260227112504.0
008 711108s1967 ii k l 000 0 eng
010 _asa 68004837
025 _aPL480:I-E-9538
040 _aDLC
_cDLC
_dDLC
043 _aa-ii---
050 0 0 _aKNU6068.8.A311955
_bG87 1967
082 0 0 _a340
100 1 _aGupta, Mahendra Vijaya.
245 1 4 _aThe Rajasthan tenancy act (Act no. 3 of 1955)
_bwith short notes containing uptodate case law with rules, cognate acts & important notifications, as amended upto September, 1967,
_cby Mahendra Vijaya Gupta & Nand Kishore Kaushik.
260 _aJaipur,
_bIndian & Raj. Statutes Publication,
_c1967.
300 _axiv, 264 p.
_bforms.
_c26 cm.
350 _aRs8
650 0 _aLandlord and tenant
_zIndia
_zRajasthan.
650 0 _aLand tenure
_xLaw and legislation
_zIndia
_zRajasthan.
700 1 _aKaushik, Nand Kishore,
_ejoint author.
710 1 _aRajasthan, India.
_kLaws, statutes, etc.
_tRajasthan tenancy act, 1955.
999 _c80378
_d80378